| 000 | 00542nam a2200193Ia 4500 | ||
|---|---|---|---|
| 008 | 210719s2019 xx 000 0 und d | ||
| 020 | _a978-93-86478-58-0 | ||
| 041 | _aeng | ||
| 082 | _a615.19 LALE | ||
| 100 | _aLAL (Harbans) | ||
| 245 | _aEssentials of pharmaceutical biochemistry Ed 2 | ||
| 250 | _a2 | ||
| 260 |
_aNew Delhi _bCBS Publishers and Distributors _c2019 |
||
| 300 |
_a219 _bPB |
||
| 365 |
_b420 _cRs |
||
| 650 | _aPharmacology | ||
| 650 | _aPharmacology | ||
| 906 | _a2 ; biochemistry ; Ed ; Essentials ; pharmaceutical | ||
| 999 |
_c211873 _d211873 |
||